000 01148nam a22002657a 4500
008 081204t xxu||||| |||| 00| 0 eng d
010 _aENG-91989
020 _a9788183081153
_c59.00
020 _a8183081150
_c59.00
020 _a8183080499
_c59.00
035 _aEN-75522
037 _bDBAD / PUB
040 _adpl
_bEnglish
082 _a302.2
100 _aMuralidharan
245 _aCommunication techniques for your success everywhere /
_cby Muralidharan; illustrated by P.L.V. Ragavan
260 _aChennai
_bCBH Publishers & Distributors
_c2004
270 _a20, Vijayalakshmi Street, Mahalingapuram, Nungambakkam,
_bChennai
_e600034
300 _a110p.:
_c20cm (pbk)
_bill.
650 _aCommunication.
700 _aRagavan, P.L.V.
942 _2ddc
_cEN
_mMUR
_h302.2
999 _c19485
_d19485